000 00863nam a2200337Ia 4500
001 10547
005 20240113235226.0
007 ta
008 050804s1953 a g b000 u eng u
040 _aCotton College,Assam
041 _aeng
082 _a201
_bW 293 P
100 _aWaterhouse, E.S. .
245 0 _aThe Philosophical Approach to Religion /
_cE.S. Waterhouse.
_hTextual Documents
250 _a1st ed /
260 _aLondon :
_bEpworth Press ,
_c1953.
300 _a188p. :
_bill. ;
_c22cm. .
504 _aIndex
653 _aHistory-Religion-Philosophy
653 _aPhilosophy-History-Religion
653 _aG-Religion
653 _aT/G-Religious
942 _2ddc
_cBK
999 _c10534
_d10534